[Event "Bundesliga 2003-4"]
[Site "Stuttgart GER"]
[Date "2004.02.14"]
[Round "8"]
[White "Heinatz,T"]
[Black "Naumann,A"]
[Result "0-1"]
[WhiteElo "2332"]
[BlackElo "2529"]

1.e4 c5 2.Nf3 d6 3.Bb5+ Nc6 4.O-O Bd7 5.Re1 a6 6.Bf1 g6 7.c3 Bg4 8.d3 Bxf3
9.Qxf3 Bg7 10.Na3 Nf6 11.Be3 O-O 12.d4 cxd4 13.cxd4 Rc8 14.Rad1 Nd7 15.Qh3 Nb6
16.b3 Nb4 17.Bd2 a5 18.e5 e6 19.Nb5 dxe5 20.dxe5 Qe7 21.Bh6 N6d5 22.Bc4 Nb6
23.Bf1 Nxa2 24.Bxg7 Kxg7 25.Nd6 Rc3 26.Re3 Rxe3 27.Qxe3 Nd5 28.Qd4 Nab4 29.g3 b6
30.Rc1 f6 31.exf6+ Qxf6 32.Qd2 Rd8 33.Ne4 Qe7 34.Ng5 h6 35.Nf3 Qf6 36.Bg2 e5
37.Qe2 Re8 38.Nd2 Rd8 39.Ne4 Qe7 40.h4 Rf8 41.Qb5 Rd8 42.Kh2 Qe8 43.Qe2 Nc6
44.Qg4 Nd4 45.h5 Nxb3 46.Re1 Nd4 47.hxg6 Qxg6 48.Qh4 Rf8 49.Rd1 Nf6 50.Rc1 Rf7  0-1

[Event "TCh-BEL2 2003-4"]
[Site "Belgium BEL"]
[Date "2004.02.15"]
[Round "9"]
[White "Tonoli,J"]
[Black "Heynen,K"]
[Result "1-0"]
[WhiteElo "2166"]
[BlackElo "1993"]

1.e4 c5 2.Nf3 d6 3.Bb5+ Bd7 4.Bxd7+ Qxd7 5.O-O Nc6 6.d4 cxd4 7.Nxd4 Nf6 8.Nc3 e6
9.h3 Be7 10.Be3 a6 11.Qe2 b5 12.a3 Rc8 13.Nxc6 Qxc6 14.f3 O-O 15.Rfd1 Rfd8
16.Rd2 d5 17.exd5 Nxd5 18.Nxd5 Rxd5 19.Rxd5 Qxd5 20.c3 Qe5 21.Qf2 Bh4 22.Qxh4 Qxe3+
23.Qf2 Qxf2+ 24.Kxf2 Kf8 25.Ke3 Ke7 26.a4 b4 27.cxb4 Rc2 28.Kd4 Kd6 29.b3 e5+
30.Kd3 Rxg2 31.b5 Rf2 32.bxa6 Rxf3+ 33.Ke2 Rc3 34.b4 Kc7 35.b5 Kb6 36.a5+ Kxb5
37.a7 Rc8 38.Rb1+  1-0

[Event "FRA-CHN Match"]
[Site "Cannes FRA"]
[Date "2004.02.15"]
[Round "8"]
[White "Ni Hua"]
[Black "Abergel,T"]
[Result "1-0"]
[WhiteElo "2560"]
[BlackElo "2441"]

1.e4 c5 2.Nf3 d6 3.Bb5+ Nd7 4.d4 Nf6 5.Nc3 cxd4 6.Qxd4 e5 7.Qd3 h6 8.Be3 Be7
9.O-O O-O 10.Bc4 a6 11.a4 Qa5 12.Rfd1 Rd8 13.Bxf7+ Kxf7 14.Qc4+ d5 15.Nxd5 Nxd5
16.Rxd5 Qb4 17.Nxe5+ Nxe5 18.Qxb4 Bxb4 19.Rxd8 Be7 20.Rdd1 Be6 21.b3 Rc8
22.c4 Nc6 23.f4 Re8 24.h3 g5 25.Rf1 gxf4 26.Bxf4 Kg6 27.Rad1 h5 28.Bd6 Bf6
29.Rd3 h4 30.Kh2 Bg8 31.Rdf3 Re6 32.c5 Nd4 33.Rf4 Bg5 34.Rg4 Rxd6 35.cxd6 Be6
36.Rxg5+ Kxg5 37.b4 Nc6 38.b5 axb5 39.axb5 Na7 40.Rf7  1-0

[Event "US Amateur Team East"]
[Site "Parsippany USA"]
[Date "2004.02.15"]
[Round "3"]
[White "Kurniawan,B"]
[Black "Allen,E"]
[Result "1-0"]
[WhiteElo "2371"]
[BlackElo "2196"]

1.e4 c5 2.Nf3 d6 3.Bb5+ Nd7 4.O-O Nf6 5.d4 Nxe4 6.Re1 Nf6 7.Bg5 a6 8.Bxf6 gxf6
9.Bxd7+ Bxd7 10.Nc3 e6 11.dxc5 dxc5 12.Nh4 Be7 13.Qh5 f5 14.Nxf5 Bf8 15.Rad1 h6
16.Ne4  1-0

[Event "Bundesliga 2003-4"]
[Site "Tegernsee GER"]
[Date "2004.02.15"]
[Round "9"]
[White "Espig,T"]
[Black "Muse,D"]
[Result "1/2-1/2"]
[WhiteElo "2300"]
[BlackElo "2443"]

1.e4 c5 2.Nf3 d6 3.Bb5+ Nc6 4.O-O Bd7 5.c3 a6 6.Ba4 b5 7.Bc2 Bg4 8.h3 Bh5
9.d4 cxd4 10.g4 d3 11.Bxd3 Bg6 12.Nd4  1/2-1/2

[Event "FSGM February"]
[Site "Budapest HUN"]
[Date "2004.02.16"]
[Round "10"]
[White "Wittmann,W"]
[Black "Belezky,S"]
[Result "1/2-1/2"]
[WhiteElo "2326"]
[BlackElo "2405"]

1.e4 c5 2.Nf3 d6 3.Bb5+ Bd7 4.Bxd7+ Qxd7 5.O-O Nf6 6.e5 dxe5 7.Nxe5 Qc7 8.Qe2 e6
9.Nc3 a6 10.d3 Bd6 11.f4 O-O 12.Bd2 Nc6 13.Nxc6 Qxc6 14.b3 Rfe8 15.Ne4 Nxe4
16.Qxe4 Qxe4  1/2-1/2

[Event "2nd Breizh Masters B"]
[Site "Guingamp FRA"]
[Date "2004.02.16"]
[Round "4"]
[White "Terrieux,K"]
[Black "Alanic,X"]
[Result "1/2-1/2"]
[WhiteElo "2262"]
[BlackElo "2164"]

1.e4 c5 2.Nf3 d6 3.Bb5+ Bd7 4.Bxd7+ Qxd7 5.O-O g6 6.c3 Bg7 7.d4 cxd4 8.cxd4 d5
9.e5 Nc6 10.Nc3 e6 11.Bg5 h6 12.Bd2 Nge7 13.Ne2 O-O 14.a4 f6 15.exf6 Rxf6
16.Bf4 Raf8 17.Ne5 Qe8 18.Nxc6 Nxc6 19.Bg3 Rf5 20.b4 Qe7 21.b5 Na5 22.Qd3 Nc4
23.Rab1 g5 24.f3 Qa3 25.Qxa3 Nxa3 26.Rbc1 Nc4 27.Bf2 R5f7 28.Ng3 g4 29.Rfe1 gxf3
30.Rc2 fxg2 31.Kxg2 Rf6 32.Bg1 Rc8 33.Rce2 Kf7 34.Nh5 Rg6+ 35.Kh1  1/2-1/2

[Event "8th Open"]
[Site "St Lo FRA"]
[Date "2004.02.16"]
[Round "3"]
[White "Shirazi,K"]
[Black "Huisman,H"]
[Result "1-0"]
[WhiteElo "2423"]
[BlackElo "2116"]

1.e4 c5 2.Nf3 d6 3.Bb5+ Bd7 4.c4 a6 5.Bxd7+ Qxd7 6.d4 cxd4 7.Nxd4 Nf6 8.Nc3 Nc6
9.O-O g6 10.Nd5 Nxd5 11.exd5 Ne5 12.b3 Bg7 13.h3 Qc7 14.Re1 Qd8 15.Bg5 h6
16.Bf4 g5 17.Bg3 Ng6 18.Re4 O-O 19.Nf5 Bxa1 20.Qxa1 f6 21.Nxh6+ Kh7 22.Nf5 Qd7
23.Re6 Rf7 24.Qd1  1-0

[Event "FSIM February"]
[Site "Budapest HUN"]
[Date "2004.02.18"]
[Round "12"]
[White "Farago,S"]
[Black "Werner,Di"]
[Result "1/2-1/2"]
[WhiteElo "2299"]
[BlackElo "2349"]

1.e4 c5 2.Nf3 d6 3.Bb5+ Bd7 4.Bxd7+ Qxd7 5.O-O Nc6 6.d4 cxd4 7.Nxd4 Nf6 8.Nc3 g6
9.Bg5 Bg7 10.h3 h6 11.Bh4  1/2-1/2

[Event "V Comunic Masters"]
[Site "Sao Paulo BRA"]
[Date "2004.02.18"]
[Round "9"]
[White "Giaccio,A"]
[Black "Abreu,A"]
[Result "1/2-1/2"]
[WhiteElo "2470"]
[BlackElo "2424"]

1.e4 c5 2.Nf3 d6 3.Bb5+ Bd7 4.Bxd7+ Qxd7 5.c4 Nc6 6.O-O g6 7.d4 cxd4 8.Nxd4 Bg7
9.Ne2 Nf6 10.Nbc3 O-O 11.f3 a6 12.Be3 Ne5 13.b3 b5 14.Nd5 Qb7 15.Nxf6+  1/2-1/2

[Event "Aeroflot Open"]
[Site "Moscow RUS"]
[Date "2004.02.20"]
[Round "4"]
[White "Minasian,Ara"]
[Black "Alekseev,Evgeny"]
[Result "1/2-1/2"]
[WhiteElo "2499"]
[BlackElo "2609"]

1.e4 c5 2.Nf3 d6 3.Bb5+ Bd7 4.Bxd7+ Qxd7 5.O-O Nf6 6.e5 dxe5 7.Nxe5 Qd6 8.Nc4 Qd7
9.Ne5 Qd6 10.Nc4 Qd8 11.b3 Nc6 12.Bb2 e6 13.f4 Be7 14.Ne5 Rc8 15.Nxc6 Rxc6
16.Na3 O-O 17.Nc4 Nd7 18.a4 Bf6 19.Bxf6 Nxf6 20.Qe2 Nd5 21.Rae1 Ne7 22.c3 Rc7
23.Rf3 Rd7 24.Qe4 b6 25.Rh3 Ng6 26.f5 exf5 27.Qxf5 Rd5 28.Qe4 h6 29.Rhe3 Kh7
30.Qf3 Qd7 31.Re4 Rd8 32.Rf1 Kg8 33.Rfe1 Rf5 34.Qe3 Kh7 35.Re8 Rg5 36.Rxd8 Qxd8
37.Re2 a6 38.Qe4 f5 39.Qf3 b5 40.Nb2 Qb6 41.axb5 axb5 42.Qf2 Qd6 43.Re3 Ne5
44.h3 Qd5 45.Rg3 Kg6 46.d4 cxd4 47.cxd4 Nc6 48.Nd3 Qxd4 49.Nf4+ Kf7 50.Qxd4 Nxd4
51.Re3 h5  1/2-1/2

[Event "5th Montenegro Open"]
[Site "Sozina SCG"]
[Date "2004.02.20"]
[Round "3"]
[White "Stojanovic,Mari"]
[Black "Perunovic,Mio"]
[Result "0-1"]
[WhiteElo "2153"]
[BlackElo "2356"]

1.e4 c5 2.Nf3 d6 3.Bb5+ Nc6 4.d4 cxd4 5.Nxd4 Bd7 6.Be3 Nf6 7.Nc3 g6 8.O-O Bg7
9.h3 O-O 10.Bxc6 bxc6 11.e5 dxe5 12.Nf3 Qc7 13.Bc5 Rfe8 14.Re1 Nd5 15.Qd3 Bf5
16.Ne4 h6 17.Qa3 a5 18.c4 Nf4 19.Qe3 Bxe4 20.Qxe4 f5 21.Qe3 e4 22.Bb6 Qb8  0-1

[Event "Aeroflot Open"]
[Site "Moscow RUS"]
[Date "2004.02.22"]
[Round "6"]
[White "Vescovi,G"]
[Black "Areshchenko,A"]
[Result "1-0"]
[WhiteElo "2633"]
[BlackElo "2564"]

1.e4 c5 2.Nf3 d6 3.Bb5+ Bd7 4.Bxd7+ Qxd7 5.c4 Nf6 6.Nc3 g6 7.d4 cxd4 8.Nxd4 Bg7
9.f3 O-O 10.O-O Rc8 11.b3 d5 12.e5 Ne8 13.Nxd5 e6 14.Nc3 Bxe5 15.Nde2 b5
16.Bh6 bxc4 17.Rb1 cxb3 18.Rxb3 Qe7 19.f4 Bh8 20.f5 gxf5 21.Nd5 exd5 22.Rg3+ Bg7
23.Nd4 Kf8 24.Rxg7 Nxg7 25.Nxf5 Kg8 26.Bxg7 Qe4 27.Qh5 Rc6 28.Nh6+ Kxg7 29.Qg5+  1-0

[Event "1st Balagne Open"]
[Site "Calvi FRA"]
[Date "2004.02.25"]
[Round "6"]
[White "Galdunts,S"]
[Black "Bolding,K"]
[Result "1-0"]
[WhiteElo "2506"]
[BlackElo "2305"]

1.e4 c5 2.Nf3 d6 3.Bb5+ Nd7 4.d4 cxd4 5.Qxd4 e5 6.Qd3 Be7 7.Nc3 h6 8.Nd5 Nf6
9.Nxf6+ Bxf6 10.O-O Be7 11.Rd1 a6 12.Bc4 O-O 13.Be3 Nf6 14.h3 Kh8 15.a4 Ng8
16.Qb3 Qe8 17.Nd2 f5 18.exf5 Bxf5 19.Bd3 Qg6 20.Bxf5 Qxf5 21.Nc4 Nf6 22.Qxb7 Qe6
23.Nb6 Rab8 24.Qc6 Nh5 25.Qd7 Rf6 26.Qa7 Rg8 27.Nd5 Rf7 28.Qxa6 Bf8 29.Qe2 Nf6
30.Nxf6 Rxf6 31.a5 d5 32.a6 Bd6 33.a7 Ra8 34.c3 d4 35.cxd4 exd4 36.Rxd4 Qe5
37.g3 Rg6 38.Qf3 Qe8 39.Ra6 Rf6 40.Qc6  1-0

[Event "11th Metalis Open"]
[Site "Bizovac CRO"]
[Date "2004.02.27"]
[Round "4"]
[White "Hodak,S"]
[Black "Soldo,R"]
[Result "1-0"]
[WhiteElo "2283"]
[BlackElo "2145"]

1.e4 c5 2.Nf3 d6 3.Bb5+ Nc6 4.O-O Bd7 5.Re1 e6 6.d4 cxd4 7.Bxc6 bxc6 8.Qxd4 e5
9.Qd3 Qb8 10.b3 Be7 11.Rd1 Be6 12.Ng5 Bxg5 13.Bxg5 d5 14.exd5 cxd5 15.Nc3 f6
16.Bc1 Ne7 17.Ba3 d4 18.Ne4 Bf5 19.Qf3 Bxe4 20.Qxe4 Qc8 21.Rxd4 Qc6 22.Bxe7 Qxe4
23.Rxe4 Kxe7 24.f4 Rac8 25.c4 Kf7 26.fxe5 f5 27.e6+ Kf6 28.Re2 Rhe8 29.Rae1 Re7
30.Re5 Rc6 31.Kf2 Ra6 32.R1e2 g5 33.a4 Rd6 34.c5 Rd3 35.R5e3 Rd5 36.Rc3 Rxe6
37.c6 Rxe2+ 38.Kxe2 Rd8 39.b4 Ke6 40.b5 Rc8 41.Rd3  1-0

[Event "11th Metalis Open"]
[Site "Bizovac CRO"]
[Date "2004.02.28"]
[Round "6"]
[White "Solic,K"]
[Black "Fercec,N"]
[Result "0-1"]
[WhiteElo "2170"]
[BlackElo "2467"]

1.e4 c5 2.Nf3 d6 3.Bb5+ Nc6 4.d4 cxd4 5.Qxd4 Bd7 6.Bxc6 Bxc6 7.Nc3 Nf6 8.Bg5 e6
9.O-O-O Be7 10.Rhe1 O-O 11.Qd2 Qa5 12.Kb1 Qa6 13.Nd4 Rfc8 14.f4 h6 15.Bxf6 Bxf6
16.Nxc6 Rxc6 17.e5 dxe5 18.fxe5 Be7 19.Re4 Rac8 20.Rd4 Rxc3 21.bxc3 Qb5+
22.Ka1 Qxe5 23.Re1 Qxh2 24.Rf4 Bg5 25.Qd7 Rf8 26.Rg4 Rd8 27.Qb5 Bd2 28.Rf1 Bxc3+
29.Kb1 Qd6 30.a4 Qa3  0-1

[Event "Open"]
[Site "Jersey JCI"]
[Date "2004.02.28"]
[Round "7"]
[White "Heppell,I"]
[Black "Wojciechowski,Pa"]
[Result "1-0"]
[WhiteElo "2106"]
[BlackElo "2159"]

1.e4 c5 2.Nf3 d6 3.Bb5+ Bd7 4.Bxd7+ Nxd7 5.O-O g6 6.c3 Bg7 7.d4 Ngf6 8.Qe2 e5
9.Rd1 Qc7 10.Na3 a6 11.dxe5 dxe5 12.Nc4 O-O 13.a4 Rfd8 14.Bg5 h6 15.Bxf6 Bxf6
16.a5 Bg7 17.h3 Nf8 18.Rxd8 Rxd8 19.Rd1 Rxd1+ 20.Qxd1 Nd7 21.Qd5 b5 22.Nd6 Nf8
23.Nxe5 Bxe5 24.Qxe5 Ne6 25.Nc4 Qd8 26.Ne3 Qxa5 27.Ng4 Qa1+ 28.Kh2 Qc1 29.Nf6+ Kf8
30.g3 Qxb2 31.Kg2 Qd2 32.Nd5 Kg8 33.Ne7+ Kf8 34.Nxg6+ fxg6 35.Qf6+ Kg8 36.Qxe6+ Kg7
37.Qe7+ Kg8 38.Qe6+ Kh7  1-0

[Event "ch-BRA"]
[Site "Rio de Janeiro BRA"]
[Date "2004.02.28"]
[Round "4"]
[White "Dumont,S"]
[Black "Limp,E"]
[Result "0-1"]
[WhiteElo "2341"]
[BlackElo "2401"]

1.e4 c5 2.Nf3 d6 3.Bb5+ Bd7 4.Bxd7+ Qxd7 5.c4 Nc6 6.Nc3 g6 7.d4 cxd4 8.Nxd4 Bg7
9.Nde2 Nf6 10.O-O O-O 11.f3 Rfc8 12.Be3 Qd8 13.Rb1 Ne5 14.b3 Qa5 15.Qd2 a6
16.a4 Qb4 17.Rfd1 Nfd7 18.Nd5 Qxd2 19.Rxd2 Kf8 20.a5 Nc6 21.Nb6 Nxb6 22.Bxb6 Nb8
23.c5 dxc5 24.Bxc5 Bf6 25.f4 Rxc5 26.Rd8+ Kg7 27.g4 Rc2 28.Kf1 Rxe2 29.Kxe2  0-1

[Event "20th Open"]
[Site "Cappelle la Grande FRA"]
[Date "2004.03.02"]
[Round "5"]
[White "Soderberg,P"]
[Black "Czebe,A"]
[Result "0-1"]
[WhiteElo "2254"]
[BlackElo "2487"]

1.e4 c5 2.Nf3 d6 3.Bb5+ Nc6 4.O-O Bd7 5.Re1 a6 6.Bf1 g6 7.a4 Bg7 8.h3 e5
9.d3 Nge7 10.Nbd2 h6 11.Nc4 Be6 12.Bd2 O-O 13.a5 Qc7 14.g3 Rad8 15.Bg2 f5
16.Nb6 d5 17.exd5 Nxd5 18.Nxd5 Bxd5 19.Qc1 Kh7 20.Ra4 e4 21.dxe4 fxe4 22.Nh2 Nd4
23.Ra3 Qc6 24.c4 e3 25.cxd5 exf2+ 26.Kh1 fxe1=Q+ 27.Bxe1 Qb5 28.Ng4 Rde8
29.Bd2 Nb3 30.Rxb3 Qxb3 31.Bxh6 Qxg3 32.Be3 Rf5 33.Qd2 Rh5  0-1

[Event "ch-TUR"]
[Site "Kusadasi TUR"]
[Date "2004.03.02"]
[Round "6"]
[White "Secer,A"]
[Black "Duzgun,M"]
[Result "1-0"]
[WhiteElo "2177"]
[BlackElo "2074"]

1.e4 c5 2.Nf3 d6 3.Bb5+ Nd7 4.d4 a6 5.Bxd7+ Bxd7 6.O-O cxd4 7.Qxd4 Qc7 8.Nc3 e6
9.Bg5 Qc5 10.Qd2 h6 11.Bh4 Ne7 12.Rae1 Ng6 13.Bg3 e5 14.Nd5 Be6 15.c4 Bxd5
16.cxd5 Be7 17.Rc1 Qb6 18.Rc3 O-O 19.Rfc1 Bd8 20.Rb3 Qa5 21.Qxa5 Bxa5 22.Rxb7 Rfc8
23.Rxc8+ Rxc8 24.Kf1 Rc4 25.a3 Kf8 26.b4 Bd8 27.Rb8 Ke7 28.Nd2 Rc2 29.Ke1 Nf8
30.Kd1 Rc3 31.Nb1 Rc4 32.f3 a5 33.Be1 axb4 34.Bxb4 Nd7 35.Bxd6+ Kxd6 36.Rxd8 Ke7
37.Ra8 Nc5 38.Ra7+ Ke8 39.Nd2 Rd4 40.Kc2 Nd3 41.Kd1 g6 42.Nb3 Rc4 43.Kd2 Nb2
44.Na5 Ra4 45.Ra8+ Kd7 46.Nc4  1-0

[Event "20th Open"]
[Site "Cappelle la Grande FRA"]
[Date "2004.03.03"]
[Round "6"]
[White "Alavkin,A"]
[Black "Chernyshov,K"]
[Result "1/2-1/2"]
[WhiteElo "2493"]
[BlackElo "2557"]

1.e4 c5 2.Nf3 d6 3.Bb5+ Bd7 4.Bxd7+ Qxd7 5.c4 Nc6 6.Nc3 g6 7.d4 cxd4 8.Nxd4 Bg7
9.Be3 Nf6 10.f3 O-O 11.O-O Rac8 12.b3 a6 13.a4 Qd8 14.Qd2 Nd7 15.Kh1 Nc5
16.Rab1 Nxd4 17.Bxd4 Bxd4 18.Qxd4 a5 19.Nd5 f6 20.Qe3 Kg7 21.f4 e6 22.Nc3 Qc7
23.Nb5 Qc6 24.Nd4 Qe8 25.Rbd1 Rd8 26.Nb5 Qc6 27.Rd4 Rd7 28.Rfd1 Rfd8 29.h3 b6
30.e5 dxe5 31.fxe5 fxe5 32.Qxe5+ Kg8 33.Rxd7 Rxd7 34.Qb8+ Kg7 35.Nd6 Ne4
36.Ne8+ Kf7 37.Rf1+ Ke7 38.Qf4 Kd8 39.Qb8+ Ke7 40.Qf4 Kd8 41.Qb8+ Ke7 42.Ng7 Rd8
43.Qf4 Kd7 44.Rd1+ Kc8 45.Rxd8+ Kxd8 46.Qf8+ Kc7 47.Qe7+ Qd7 48.Nxe6+ Kc8
49.Nd8 Qxd8  1/2-1/2

[Event "ch-PER"]
[Site "Lima PER"]
[Date "2004.03.07"]
[Round "3.2"]
[White "Barreto Carreno,C"]
[Black "Garcia,Jh"]
[Result "0-1"]
[WhiteElo "2172"]
[BlackElo "2237"]

1.e4 c5 2.Nf3 d6 3.Bb5+ Bd7 4.Bxd7+ Qxd7 5.O-O Nc6 6.Re1 Nf6 7.b3 g6 8.Bb2 Bg7
9.d3 O-O 10.Nbd2 e5 11.a4 b6 12.Nc4 Rab8 13.c3 a6 14.d4 b5 15.axb5 axb5 16.Ncd2 Nh5
17.Nf1 c4 18.Ne3 Nf4 19.Ba3 Nd3 20.Rf1 exd4 21.cxd4 Nxd4 22.Nxd4 Bxd4 23.bxc4 bxc4
24.Nxc4 Bxa1 25.Qxa1 Qa4 26.Ne3 Ra8 27.Nd5 Ne5 28.Bb2 Qxa1 29.Bxa1 f6 30.f4 Nd7
31.Rc1 Kf7 32.Bd4 Rfc8 33.Rd1 Ra4 34.Kf2 Rc2+ 35.Kf3 Raa2 36.Rb1 Rxg2 37.Rb7 Ke8
38.Rc7 Rgc2 39.Rb7 Rxh2 40.Nc7+ Kd8 41.Nd5 h5  0-1

[Event "FSGM March"]
[Site "Budapest HUN"]
[Date "2004.03.10"]
[Round "5"]
[White "Grafl,F"]
[Black "Pataki,G"]
[Result "1-0"]
[WhiteElo "2408"]
[BlackElo "2374"]

1.e4 c5 2.Nf3 d6 3.Bb5+ Nd7 4.d4 Nf6 5.Nc3 cxd4 6.Qxd4 e5 7.Qd3 Be7 8.Bg5 O-O
9.Bxd7 Qxd7 10.Bxf6 Bxf6 11.Rd1 Rd8 12.Nd5 Qg4 13.h3 Qh5 14.Rg1 Rd7 15.Nxf6+ gxf6
16.g4 Qxh3 17.Qe3 Kg7 18.Ke2 Qh6 19.g5 Qh5 20.gxf6+ Kxf6 21.Rg5 Qh3 22.Rxe5 h6
23.Qc3 d5 24.Rf5+ Ke7 25.Qf6+ Kf8 26.Re5  1-0

[Event "It"]
[Site "Miskolc HUN"]
[Date "2004.03.10"]
[Round "1"]
[White "Nevednichy,V"]
[Black "Balogh,C"]
[Result "1/2-1/2"]
[WhiteElo "2548"]
[BlackElo "2456"]

1.e4 c5 2.Nf3 d6 3.Bb5+ Bd7 4.Bxd7+ Qxd7 5.O-O Nf6 6.e5 dxe5 7.Nxe5 Qc7 8.Nc4 Nc6
9.Nc3 e6 10.d3 Be7 11.a4 O-O 12.Bd2 Rad8 13.Re1 Nd5 14.Qc1 Nxc3 15.bxc3 Bd6
16.h3 Na5 17.Nxa5 Qxa5 18.c4 Qc7 19.Bc3 e5 20.Rb1 Rd7 21.Qe3 Re7 22.Qe4 Kh8
23.Qd5 Rd8 24.Qf3 Qc8 25.Re4 Qc6 26.a5 Kg8 27.Rbe1 f6 28.Qh5 Qe8 29.Qd1 f5
30.R4e2 e4 31.Qb1 Qg6 32.Kf1 Bb8 33.Qc1 Rde8 34.dxe4 fxe4 35.Qd2 Kh8 36.Qd5 b6
37.a6 Bc7 38.Re3 Bf4 39.R3e2 h6 40.g4 Bg5 41.Qf5 Qxf5 42.gxf5 Kg8 43.Kg2 Kf7
44.Kg3 e3 45.fxe3 Re4 46.Kf3 Rxc4 47.Bb2 Rb4 48.Bc3 Ra4 49.Rd1 Rxa6 50.Rd7+ Re7
51.Rxe7+ Bxe7 52.Rg2 Bf8 53.Rd2 Ke8 54.Rg2 Kf7 55.Rd2 Ke8 56.Rg2 Kf7  1/2-1/2

[Event "70th ch-BLR"]
[Site "Minsk BLR"]
[Date "2004.03.12"]
[Round "9"]
[White "Teterev,V"]
[Black "Kupreichik,V"]
[Result "1/2-1/2"]
[WhiteElo "2460"]
[BlackElo "2464"]

1.e4 c5 2.Nf3 d6 3.Bb5+ Nc6 4.O-O Bd7 5.Re1 Nf6 6.c3 a6 7.Bf1 e5 8.d4 Be7
9.d5 Na7 10.a4 b5 11.axb5 axb5 12.b4 Qb8 13.bxc5 dxc5 14.c4 Bd6 15.cxb5 Nxb5
16.Rxa8 Qxa8 17.Bxb5 Bxb5 18.Na3 Ba6 19.Qa4+ Ke7 20.Bg5 Bd3 21.Qb3 Qa6 22.Qc3 Ra8
23.Nb1 Kf8 24.Nxe5 Bxe5 25.Qxe5 Re8 26.Qc7 Nxe4 27.Nc3 Qd6 28.Bf4 Qxc7 29.Bxc7 f5
30.Na4 Nf6 31.Bd6+ Kf7 32.Rxe8 Kxe8 33.Nxc5 Bc4 34.Be5 Nd7 35.Nxd7 Kxd7 36.d6 g5
37.f4 g4 38.Kf2 Bd5 39.Kg3 Ke6 40.h3 h5 41.Kf2 Bc6 42.h4 Kd5 43.Ke3 Ke6 44.g3 Kd5
45.Kd3  1/2-1/2

[Event "1st Chiuso It"]
[Site "Rome ITA"]
[Date "2004.03.12"]
[Round "7"]
[White "Sibilio,M"]
[Black "Jones,G"]
[Result "1/2-1/2"]
[WhiteElo "2361"]
[BlackElo "2387"]

1.Nf3 c5 2.e4 d6 3.Bb5+ Bd7 4.c4 Bxb5 5.cxb5 e5 6.O-O g6 7.b4 Bg7 8.Bb2 Nd7
9.bxc5 dxc5 10.Qb3 h6 11.Na3 Ne7 12.Nc4 Qc7 13.Qc3 f6 14.Qb3 a5 15.a4 b6
16.Rfe1 g5 17.Re3 Ng6 18.Rd3 Bf8 19.g3 O-O-O 20.Bc3 Nb8 21.Rxd8+ Qxd8 22.Ne1 Rh7
23.Ng2 Rd7 24.Nge3 Ne7 25.Rb1 Rb7 26.Qc2 Kd7 27.Qd3+ Kc8 28.Qe2 Bg7 29.Qg4+ Rd7
30.Nxb6+ Qxb6 31.Nc4 Qa7 32.Bxa5 Kb7 33.Qe6 Nc8 34.b6 Qa6 35.Rb5 Bf8 36.Bc3 Nd6
37.Qd5+ Kc8 38.Rxc5+ Kd8 39.Nxd6 Rxd6 40.Qg8 Nd7 41.Rd5 Rxd5 42.Qxd5 Qxa4
43.Ba5 Bd6 44.Qg8+ Ke7 45.Qg7+ Ke8 46.Qg6+ Ke7 47.Qg7+ Kd8 48.Qg8+  1/2-1/2

[Event "Degremont GP"]
[Site "Clichy FRA"]
[Date "2004.03.13"]
[Round "2.2"]
[White "David,Alb"]
[Black "Collas,D"]
[Result "1-0"]
[WhiteElo "2580"]
[BlackElo "2436"]

1.e4 c5 2.Nf3 d6 3.Bb5+ Nc6 4.O-O Bd7 5.Re1 a6 6.Bxc6 Bxc6 7.d4 cxd4 8.Nxd4 Nf6
9.Nxc6 bxc6 10.c4 Nd7 11.b3 e5 12.Nc3 Be7 13.Be3 Qa5 14.Qd2 Nc5 15.Rab1 Ne6
16.b4 Qd8 17.b5 axb5 18.cxb5 cxb5 19.Rxb5 O-O 20.a4 Ra6 21.Reb1 Bg5 22.Bxg5 Qxg5
23.Qxg5 Nxg5 24.Rb6 Rxb6 25.Rxb6 Rc8 26.h4 Ne6 27.Nb5 h5 28.Nxd6 Rc1+ 29.Kh2 Rc2
30.Rb8+ Kh7 31.Nxf7 Rxf2 32.Rh8+ Kg6 33.Nxe5+ Kf6 34.Rxh5 Ra2 35.Rf5+ Ke7
36.Ng6+ Ke8 37.a5 Ra4 38.Re5 Kf7 39.h5 Nd4 40.Kg3 Nc6 41.Rc5 Nxa5 42.Kf4 Nc4
43.Rxc4  1-0

[Event "TCh-FIN 2003-4"]
[Site "Finland FIN"]
[Date "2004.03.13"]
[Round "8"]
[White "Westerinen,H"]
[Black "Pulkkinen,K"]
[Result "1/2-1/2"]
[WhiteElo "2351"]
[BlackElo "2314"]

1.e4 c5 2.Nf3 d6 3.Bb5+ Nd7 4.d4 Nf6 5.Nc3 cxd4 6.Qxd4 e5 7.Qd3 h6 8.Be3 Be7
9.O-O O-O 10.Bc4 Nb6 11.Bb3 Be6 12.Nd2 Rc8 13.Rfe1 a6  1/2-1/2

[Event "Dos Hermanas Internet Final"]
[Site "ICC INT"]
[Date "2004.03.13"]
[Round "1.1"]
[White "Zhang Zhong"]
[Black "Chiong,L"]
[Result "1-0"]
[WhiteElo "2639"]
[BlackElo "2368"]

1.e4 c5 2.Nf3 d6 3.Bb5+ Nd7 4.d4 Nf6 5.Nc3 a6 6.Bxd7+ Nxd7 7.O-O cxd4 8.Qxd4 e6
9.Be3 Qc7 10.Rfd1 f6 11.a4 Ne5 12.a5 Bd7 13.Na4 Be7 14.Nb6 Rd8 15.c4 Bc6
16.b4 O-O 17.Rac1 Be8 18.Nxe5 fxe5 19.Qb2 Bh5 20.f3 Bf6 21.Qb3 Bf7 22.Rc2 Qe7
23.Rcd2 Kh8 24.Rd3 g5 25.c5 d5 26.exd5 exd5 27.Nxd5 Qe6 28.Qa3 Bg7 29.Bxg5 Rd7
30.Nb6 Rd4 31.Be3 Rxd3 32.Qxd3 Bg6 33.Qd5 Qe7 34.Nd7 Rd8 35.Qxb7 e4 36.f4 Qf7
37.Qd5 Qe8 38.c6 Bf7 39.Qc5 Bh5 40.Rd2 Qg6 41.c7  1-0

[Event "Dos Hermanas Internet Final"]
[Site "ICC INT"]
[Date "2004.03.13"]
[Round "1.1"]
[White "Andersson,U"]
[Black "Alonso,S"]
[Result "1/2-1/2"]
[WhiteElo "2570"]
[BlackElo "2484"]

1.e4 c5 2.Nf3 d6 3.Bb5+ Bd7 4.Bxd7+ Qxd7 5.O-O Nc6 6.Qe2 Nf6 7.Rd1 e6 8.d4 cxd4
9.Nxd4 Nxd4 10.Rxd4 Qc6 11.Nc3 Be7 12.Bg5 h6 13.Bh4 O-O 14.Rad1 Rfd8 15.h3 a6
16.a4 Rac8 17.e5 dxe5 18.Qxe5 Rxd4 19.Rxd4 Nd7 20.Qe2 Bxh4 21.Rxh4 Nf6 22.Qd3 Qb6
23.b3 Rd8 24.Qe2 Qd6 25.Rc4 Qd2 26.Qxd2 Rxd2 27.Na2 Nd5 28.Nb4 g5 29.Nxd5 exd5
30.Rc7 Rd1+ 31.Kh2 b5 32.axb5 axb5 33.Kg3 d4 34.f3 d3 35.Rc3 dxc2 36.Rxc2 Rd3
37.h4 Kg7 38.hxg5 hxg5 39.Rc5 Rxb3 40.Rxg5+ Kf6 41.Rc5 Rb2 42.f4 b4 43.Rb5 Ke6
44.Kf3 f5 45.Re5+ Kf6 46.Rb5 Rb1 47.Rb6+ Kf7 48.Kg3 Rb2 49.Kh3 b3 50.g3 Rb1
51.Kh4 b2 52.Kg5 Rg1 53.Rxb2 Rxg3+ 54.Kxf5 Ra3 55.Rb7+ Kf8 56.Rb6 Kf7 57.Rb7+ Kf8
58.Kg5 Ra6 59.f5  1/2-1/2

[Event "Dos Hermanas Internet Final"]
[Site "ICC INT"]
[Date "2004.03.13"]
[Round "2.1"]
[White "Alonso,S"]
[Black "Georgiev,Ki"]
[Result "0-1"]
[WhiteElo "2484"]
[BlackElo "2637"]

1.e4 c5 2.Nf3 d6 3.Bb5+ Bd7 4.Bxd7+ Qxd7 5.O-O e6 6.c3 Nf6 7.Qe2 Nc6 8.d4 cxd4
9.cxd4 d5 10.e5 Ne4 11.Be3 Be7 12.Ne1 f6 13.f3 Ng5 14.Qd2 Nf7 15.f4 O-O 16.Nc3 Rac8
17.Nd3 b6 18.Rae1 f5 19.h3 Nb4 20.Nf2 Bh4 21.Re2 Kh8 22.Kh2 Nc6 23.g3 Be7
24.Nd3 Na5 25.b3 Rc7 26.Qe1 Rfc8 27.Bd2 Nc6 28.Qf2 Nb4 29.Nxb4 Bxb4 30.Nxd5 Qxd5
31.Bxb4 a5 32.Bd6 Rc3 33.Rd1 h6 34.Qg2 Rf3 35.Rdd2 Rcc3 36.Ba3 Qd7 37.d5 g5
38.Bb2 Rxg3 39.Qxg3 Rxg3 40.Kxg3 gxf4+ 41.Kh2 Kh7 42.d6 Ng5 43.Rc2 Kg6 44.Rg2 Kh5
45.Bc1 Nf3+ 46.Kh1 Ne1 47.Bxf4 Qb5 48.Kh2 Nxg2 49.Rxg2 Qb4 50.Rf2 Qd4 51.Bg3 Kg6
52.Rf4 Qd5 53.Rf2 Kf7 54.Bf4 Qd4 55.Kg3 h5 56.h4 Ke8 57.Rd2 Qg1+ 58.Kf3 Kd7
59.Rc2 Qd1+ 60.Re2 Qd3+ 61.Re3 Qf1+ 62.Kg3 Qg1+ 63.Kf3 Qg4+  0-1

[Event "TCh-FIN 2003-4"]
[Site "Finland FIN"]
[Date "2004.03.14"]
[Round "9"]
[White "Raaste,E"]
[Black "Kosmo,S"]
[Result "0-1"]
[WhiteElo "2315"]
[BlackElo "2180"]

1.e4 c5 2.Nf3 d6 3.Bb5+ Nd7 4.O-O Nf6 5.Re1 a6 6.Bf1 e5 7.c3 g6 8.d4 Bg7
9.Nbd2 b5 10.g3 O-O 11.Bg2 Bb7 12.d5 Ne8 13.Nf1 f5 14.Ng5 Nc7 15.f3 f4 16.Bh3 Qxg5
17.Bxd7 h5 18.Bh3 Qe7 19.Qe2 Rf7 20.Qg2 Kh7 21.Bd2 Raf8 22.g4 Bh6 23.Re2 Ne8
24.Kh1 Rg7 25.a4 bxa4 26.Rxa4 Qd7 27.Ra1 Bc8 28.Rf2 g5 29.c4 Qb7 30.gxh5 Qxb2
31.Rc1 Bxh3 32.Qxh3 Qd4 33.Rg2 Qd3 34.Rg1 Nf6 35.Rc3 Qd4 36.Qf5+ Kh8 37.Rb3 g4
38.Be1 gxf3 39.Rxg7 Bxg7 40.h6 Bxh6 41.Bh4 Ng8 42.Qh3 Qxe4 43.Nd2 Qc2  0-1

[Event "TCh-FIN 2003-4"]
[Site "Finland FIN"]
[Date "2004.03.14"]
[Round "9"]
[White "Westerinen,H"]
[Black "Jouhki,Y"]
[Result "1/2-1/2"]
[WhiteElo "2351"]
[BlackElo "2302"]

1.e4 c5 2.Nf3 d6 3.Bb5+ Bd7 4.Bxd7+ Qxd7 5.O-O Nf6 6.Re1 e6 7.b3 Nc6 8.Bb2 Be7
9.d3 O-O 10.Nbd2 d5 11.exd5 exd5 12.d4 cxd4 13.Nxd4 Bc5 14.N2f3 Ne4 15.a3 Rfe8
16.Qd3 Rad8 17.Rad1 Qc7 18.Re2 Qc8 19.Rde1 Bb6 20.h3 h6 21.Qd1 Nd6  1/2-1/2

[Event "21st Open"]
[Site "Reykjavik ISL"]
[Date "2004.03.15"]
[Round "8"]
[White "Bu Xiangzhi"]
[Black "Markus,R"]
[Result "1/2-1/2"]
[WhiteElo "2606"]
[BlackElo "2527"]

1.e4 c5 2.Nf3 d6 3.Bb5+ Bd7 4.Bxd7+ Qxd7 5.O-O Nf6 6.Re1 Nc6 7.c3 e6 8.d3 Be7
9.Nbd2 O-O 10.Nf1 b5 11.Ng3 b4 12.c4 Ng4 13.d4 cxd4 14.Nxd4 Nxd4 15.Qxg4 Nc2
16.Bh6 g6 17.Bxf8 Rxf8 18.Qe2 Nxa1 19.Rxa1 Qc6 20.Rd1 Qc5 21.b3 a5 22.Qd3 Ra8
23.Ne2 a4 24.g3 h5 25.h4 axb3  1/2-1/2

[Event "It"]
[Site "Miskolc HUN"]
[Date "2004.03.19"]
[Round "9"]
[White "Balogh,C"]
[Black "Antal,Ge"]
[Result "1/2-1/2"]
[WhiteElo "2456"]
[BlackElo "2498"]

1.e4 c5 2.Nf3 d6 3.Bb5+ Bd7 4.Bxd7+ Qxd7 5.O-O Nc6 6.c3 Nf6 7.Re1 e6 8.d4 cxd4
9.cxd4 d5 10.e5 Ne4 11.Nbd2 Nxd2 12.Bxd2 Be7 13.Rc1 O-O 14.a3 Rfc8 15.Rc3 Nd8
16.Rd3 Qc7 17.Rc3 Qd7 18.Rd3 Qc7 19.Rc3 Qd7  1/2-1/2